[Event "Lublin-B"]
[Site "Lublin"]
[Date "1993.??.??"]
[Round "2"]
[White "Wojcieszyn, Jacenty"]
[Black "Bjerring, Kai"]
[Result "1/2-1/2"]
[WhiteElo "2320"]
[BlackElo "2350"]
[PlyCount "84"]
[EventDate "1993.??.??"]
[EventType "tourn"]
[EventRounds "11"]
[EventCountry "POL"]
[SourceTitle "EXT 1998"]
[Source "ChessBase"]
[SourceDate "1997.11.17"]
[SourceVersion "1"]
[SourceVersionDate "1997.11.17"]
[SourceQuality "1"]

1. d4 Nf6 2. c4 g6 3. Nc3 Bg7 4. e4 d6 5. h3 0-0 6. Bg5 c5 7. d5 e6 8. Bd3 exd5 9. exd5 Nbd7 10. Nf3 Re8+ 11. Kf1 a6 12. a4 Ne5 13. Nxe5 Rxe5 14. Bf4 Re8 15. g4 Qc7 16. Kg2 Nd7 17. Re1 Ne5 18. Qd2 Bd7 19. Bf1 f5 20. g5 Qa5 21. Qc2 Qb4 22. Ra3 b5 23. Rb3 Qa5 24. cxb5 c4 25. Ra3 axb5 26. axb5 Qb4 27. Rea1 Rxa3 28. bxa3 Qa5 29. a4 Nd3 30. Bd2 Qa8 31. Bxd3 Bxc3 32. Bxc3 Qxd5+ 33. Kg1 cxd3 34. Qa2 Qxa2 35. Rxa2 Be6 36. Rb2 Rc8 37. b6 Bd5 38. Bd2 Kf7 39. a5 Bb7 40. Kf1 Ke6 41. Bf4 Rc4 42. Bd2 Rc2 1/2-1/2

[Event "Lublin-B"]
[Site "Lublin"]
[Date "1993.??.??"]
[Round "7"]
[White "Wojcieszyn, Jacenty"]
[Black "Bogdanovich, Grigory Grigorievic"]
[Result "0-1"]
[WhiteElo "2320"]
[BlackElo "2425"]
[PlyCount "64"]
[EventDate "1993.??.??"]
[EventType "tourn"]
[EventRounds "11"]
[EventCountry "POL"]
[SourceTitle "EXT 1998"]
[Source "ChessBase"]
[SourceDate "1997.11.17"]
[SourceVersion "1"]
[SourceVersionDate "1997.11.17"]
[SourceQuality "1"]

1. d4 d5 2. Bf4 Nf6 3. e3 Nbd7 4. Bd3 e6 5. Nf3 Be7 6. h3 c5 7. c3 b6 8. Nbd2 Bb7 9. Rc1 0-0 10. 0-0 Ne4 11. Bb1 f5 12. Bh2 Bf6 13. Ne5 Nxe5 14. dxe5 Be7 15. f3 Nxd2 16. Qxd2 Ba6 17. Rf2 Rc8 18. Rd1 Rc7 19. Bf4 Bh4 20. g4 Bxf2+ 21. Qxf2 d4 22. gxf5 dxe3 23. Qe1 Rd7 24. Rxd7 Qxd7 25. fxe6 Qxe6 26. Qxe3 Qxh3 27. Be4 Bf1 28. Kf2 Bc4 29. b3 Qf1+ 30. Kg3 Be6 31. Bd3 Qh3+ 32. Kf2 h6 0-1

[Event "Lublin-B"]
[Site "Lublin"]
[Date "1993.??.??"]
[Round "4"]
[White "Wojcieszyn, Jacenty"]
[Black "Maksimenko, Andrei"]
[Result "1/2-1/2"]
[WhiteElo "2320"]
[BlackElo "2435"]
[PlyCount "89"]
[EventDate "1993.??.??"]
[EventType "tourn"]
[EventRounds "11"]
[EventCountry "POL"]
[SourceTitle "EXT 1998"]
[Source "ChessBase"]
[SourceDate "1997.11.17"]
[SourceVersion "1"]
[SourceVersionDate "1997.11.17"]
[SourceQuality "1"]

1. d4 Nf6 2. c4 e6 3. Nf3 b6 4. g3 Bb7 5. Bg2 Be7 6. 0-0 0-0 7. Nc3 Ne4 8. Qc2 Nxc3 9. Qxc3 d6 10. Qc2 f5 11. d5 e5 12. e4 Bc8 13. Qe2 Qe8 14. exf5 Bxf5 15. Bg5 Bg4 16. Bxe7 Qxe7 17. Qe3 Bxf3 18. Bxf3 Nd7 19. Bg4 a5 20. b3 Nf6 21. Be6+ Kh8 22. f4 exf4 23. Rxf4 Nd7 24. Raf1 Rxf4 25. Rxf4 Rf8 26. Kg2 Rxf4 27. Qxf4 Ne5 28. h4 h6 29. Kh3 g5 30. hxg5 hxg5 31. Qf2 Qh7+ 32. Kg2 Qe4+ 33. Kf1 Kg7 34. Bf5 Qh1+ 35. Ke2 Qa1 36. Bc2 Qc3 37. Qf5 Qxg3 38. Qh7+ Kf6 39. Qf5+ Ke7 40. Qe6+ Kf8 41. Qh6+ Kg8 42. Qh7+ Kf8 43. Qh6+ Kf7 44. Qh7+ Kf6 45. Qf5+ 1/2-1/2